Villes françaises desservies par les aéroports de Paris - Statistiques

Statistiques générales
  • Ce quiz a été pris 89 fois
    49 depuis la dernière actualisation
  • Le résultat moyen est 13 sur 20
Statistiques - réponses
Population (≈) Réponse % Correct
520 774 Lyon
100%
877 215 Marseille
100%
265 328 Bordeaux
97%
511 684 Toulouse
97%
353 701 Nice
95%
307 101 Montpellier
92%
325 070 Nantes
92%
140 993 Brest
85%
227 830 Rennes
85%
25 810 Biarritz (Pays Basque)
79%
78 620 Pau
72%
120 996 Perpignan
72%
147 751 Clermont-Ferrand
69%
180 834 Toulon-Hyères
69%
13 266 Lourdes
23%
24 136 Rodez
23%
46 769 Brive-la-Gaillarde
21%
42 700 Castres
18%
26 189 Aurillac
15%
947 Loudes
10%
Aucun quiz correspondant
Distribution des résultats
% des personnes avec chaque résultat
Percentile par nombre de réponses
Votre historique - résultats
Vous n’avez pas pris ce quiz depuis la dernière actualisation